000 00586nam a2200169 i 4500
001 79959
003 ES-MaACL
005 20230906174108.0
007 t|
008 041025s1958 sp ||||1| spa d
100 1 _aHill, Rowland.
_963709
245 1 0 _aTecnología de las fibras artificiales derivadas de polímeros sintéticos /
_cRowland Hill ; traducción del inglés por Margarita Bernis.
260 _aMadrid :
_bAguilar,
_c1958 (
_fSelecciones Gráficas)
300 _aXV, 641 p. :
_bil. ;
_c21 cm.
700 1 _aBernis, Margarita.
_928347
852 _aES-MaACL
_jC-14620
_bR.42666
999 _c79959
_d79959